| Tag |
First Indicator |
Second Indicator |
Subfields |
| LEADER |
00000pam a2200000 a 4500 |
| 001 |
in00000081367 |
| 005 |
20151008061041.0 |
| 008 |
810528s1981 nyua b 10100 eng |
| 010 |
|
|
|a 81008699
|
| 020 |
|
|
|a 0306407442
|
| 035 |
|
|
|a (OCoLC)07573371
|
| 035 |
|
|
|9 AAJ7189AM
|
| 039 |
0 |
|
|a 2
|b 3
|c 3
|d 3
|e 3
|
| 040 |
|
|
|a DLC
|c DLC
|d TXA
|d UtOrBLW
|
| 049 |
|
|
|a TXAM
|
| 050 |
0 |
0 |
|a TA169.5
|b .N37 1980
|
| 082 |
0 |
|
|a 620.7/2
|2 19
|
| 111 |
2 |
|
|a NATO Symposium on Human Detection and Diagnosis of System Failures
|d (1980 :
|c Roskilde, Denmark)
|
| 245 |
1 |
0 |
|a Human detection and diagnosis of system failures /
|c edited by Jens Rasmussen and William B. Rouse.
|
| 264 |
|
1 |
|a New York, N.Y. :
|b Published in cooperation with NATO Scientific Affairs Division by Plenum Press,
|c [1981]
|
| 264 |
|
4 |
|c ©1981
|
| 300 |
|
|
|a x, 716 pages :
|b illustrations ;
|c 26 cm.
|
| 336 |
|
|
|a text
|b txt
|2 rdacontent
|
| 337 |
|
|
|a unmediated
|b n
|2 rdamedia
|
| 338 |
|
|
|a volume
|b nc
|2 rdacarrier
|
| 490 |
1 |
|
|a NATO conference series. III, Human factors ;
|v v. 15
|
| 504 |
|
|
|a Includes bibliographies and indexes.
|
| 650 |
|
0 |
|a System failures (Engineering)
|v Congresses.
|
| 650 |
|
0 |
|a Human-machine systems
|v Congresses.
|
| 650 |
|
0 |
|a Psychology, Industrial
|v Congresses.
|
| 700 |
1 |
|
|a Rouse, William B.
|
| 700 |
1 |
|
|a Rasmussen, Jens,
|d 1926-
|
| 710 |
2 |
|
|a North Atlantic Treaty Organization.
|b Scientific Affairs Division.
|
| 830 |
|
0 |
|a NATO conference series.
|n III,
|p Human factors ;
|v v. 15.
|
| 999 |
|
|
|a MARS
|
| 999 |
f |
f |
|s a26b98d3-51d4-346c-a58d-ce1aa8ffe3ec
|i 4abfe865-1848-3187-920f-a43080538640
|t 0
|
| 952 |
f |
f |
|p ric
|a Texas A&M University
|b Rellis Campus
|c Joint Library Facility
|d Remote Storage
|t 0
|e TA169.5 .N37 1980
|h Library of Congress classification
|i unmediated -- volume
|m A14806241253
|
| 998 |
f |
f |
|a TA169.5 .N37 1980
|t 0
|l Remote Storage
|